000 00759nam a2200181Ia 4500
003 GCL
008 140319s9999 xx 000 0 ara d
040 _aGCL /
_cGCL
082 0 4 _a327.1
_bاع
100 1 _aاحمد شلبى
245 1 0 _aالعلاقات الدولية فى الفكر الاسلامى: عرض للعلاقات بين المسلمين وغير المسلمين فى مجالات السلم والحرب /
_cاحمد شلبى
260 _a[S.N] :
_bمكتبة النهضة المصرية ،
_c1987
300 _a210 ص
490 _aموسوعة الحضارة الاسلامية
_v0
650 0 4 _aالاسلام والعلاقات الخارجية
650 0 4 _aالعلاقات الخارجية فى الاسلام
942 _2ddc
_cBK
999 _c58980
_d58980